00331nam a2200121 a 450000500170000000800410001702000180005805000260007624500390010226000310014130000100017244000270018220140412111222.0091208s19uu xx 00 eng d a0-07-570201-0 aTR(GS 372.6bC73 2002 aComprehension and Language skills. aOhio :bMcGrawhill,c2002. a189p. aSRA Open Court reading